00538nam a2200193Ia 4500003000400000005001700004008004100021020002600062040001700088082002000105100001700125245007500142250001100217260002800228300001500256650003000271650002600301700001700327IIN20240129160350.0231217s9999 xx 000 0 und d cRs.795.00a8171792901 aIINbEnglish a610.28 bARO1 aArora, V. S.1 aSynopsis of Medical Instruments & ProcedurescV. S. Arora & Arun Yadav a3rd ed bJaypeeaNew Delhic2003 a[8], 446p.1 aMedical SurgicalvNursing1 aInstrumentsvMedical 1 aYadav, Arun